000 00686cam a22002413a 4500
001 12033
003 PGUSA
005 20140828083243.0
008 040401s2004||||xxu|||||s|||||000 | eng d
040 _aPGUSA
_beng
042 _adc
050 4 _aDA
100 1 _aRussell, Ruth
245 1 0 _aWhat's the Matter with Ireland?
_h[electronic resource] /
_cRuth Russell
260 _bProject Gutenberg,
_c2004
506 _aPublic domain in the USA.
516 _aElectronic text
653 _aIreland -- History -- War of Independence, 1919-1921
653 _aIrish question
830 0 _aProject Gutenberg
_v12033
856 4 0 _uhttp://www.gutenberg.org/ebooks/12033
942 _cEB
999 _c241288
_d241288